000
00322nam a2200157Ia 4500
100
_a
Ambawade/D/ shah/Deven
650
_a
COMPUTER NETWORK
942
_c
BK
366
_f
20
245
_a
Advanced computer Network
260
_b
Dreamtech
_c
2016
082
_b
AMB
300
_a
376
546
_a
ENGLISH
999
_c
25192
_d
25192